| 000 | 02057caa a2200361 ib4500 | ||
|---|---|---|---|
| 003 | SA-RiAUC | ||
| 005 | 20250707165417.0 | ||
| 008 | 250623s2001 ua g b f000f0 ara c | ||
| 040 |
_aSA-RiKSU _bara _cSA-RiAUC _erda |
||
| 043 | _aa-su--- | ||
| 082 | 0 | 4 | _a953.121 |
| 090 |
_a953.121 _bش ا ف |
||
| 100 | 1 |
_aشافعي، لمياء أحمد عبد الله _eمؤلف. |
|
| 245 | 1 | 0 |
_aعلاقة مكة المكرمة بالدولة الكجراتية الهندية فيما بين سنتيي 923-946 هـ. / 1517-1529 م. من خلال كتاب نيل المنى لجار الله بن فهد / _cلمياء أحمد عبد الله شافعي. |
| 300 |
_a50 صفحة ؛ _c22 سم |
||
| 336 |
_aنص _btxt _2rdacontent _3مقالة |
||
| 337 |
_aبدون وسيط _bn _2rdamedia |
||
| 338 |
_aمجلد _bnc _2rdacarrier |
||
| 504 | _aببليوجرافية : صفحة 202-203. | ||
| 580 | _aفي : مجلة كلية الدراسات الإنسانية. | ||
| 650 | 7 |
_aالكتب _vمراجعات _vمقالات ومحاضرات _2aucsh |
|
| 651 | 7 |
_aالسعودية _xعلاقات خارجية _vمقالات ومحاضرات _2aucsh |
|
| 651 | 7 |
_aمكة المكرمة _xتاريخ _vمقالات ومحاضرات _2aucsh |
|
| 700 | 1 | 2 |
_aابن فهد، محمد بن عبد العزيز بن عمر، _d891-954 هجري |
| 700 | 1 | 2 |
_aابن فهد، عبد العزيز بن عمر بن محمد، _d850-920 هجري |
| 700 | 1 | 2 |
_aابن فهد، عمر بن محمد بن محمد، _d812-885 هجري _tإتحاف الورى بأخبار أم القرى. |
| 740 | 0 | 2 | _aنيل المنى بذيل بلوغ القرى لتكملة إتحاف الورى. |
| 740 | 0 | 2 | _aبلوغ القرى لتكملة إتحاف الورى. |
| 740 | 0 | 2 | _aإتحاف الورى بأخبار أم القرى. |
| 773 | 0 |
_tمجلة كلية الدراسات الإنسانية / كلية الدراسات الإنسانية، جامعة الأزهر. _gعدد 19 (2001)، صفحة 155-204 |
|
| 942 |
_2ddc _cBOOK _n0 |
||
| 949 |
_aSA-JeALM _d250623 _umohamedma123 _n1 |
||
| 999 |
_c9568 _d9568 |
||